000 00367 a2200109 4500
001 ART_51462
005 20260410162008.0
008 260409a
245 1 0 _aEl desalojo y el derecho a la vivienda adecuada a la luz de las Naciones Unidas
100 1 _aHumphreys, Ethel
773 0 _tTemas de derecho civil
_g- Año 6, N° 10 (oct. 2020)
_wREV34778
999 _c31906
_d31906